[Event "IV Torneo de Semana Santa"]
[Site "Los Llanos de Aridane"]
[Date "2019.04.14"]
[Round "2.4"]
[White "Navio Lopez, Manuel"]
[Black "Alonso Alvarez, Aitor"]
[Result "*"]
[WhiteElo "1877"]
[BlackElo "2284"]
[Annotator "ChessBase"]
[PlyCount "44"]
[EventDate "2019.04.13"]
[EventType "swiss"]
[EventCountry "ESP"]
[SourceTitle "playchess.com"]
[Source "ChessBase"]
[SourceQuality "1"]
[TimeControl "5400+30"]

1. Nf3 {[%emt 0:11:27]} Nf6 {[%emt 0:00:00]} 2. b3 {[%emt 0:00:05]} d5 {[%emt 0:01:05]} 3. Bb2 {[%emt 0:00:08]} e6 {[%emt 0:00:08]} 4. e3 {[%emt 0:00:26]} Bd6 {[%emt 0:00:27]} 5. d4 {[%emt 0:00:14]} O-O {[%emt 0:00:12]} 6. Bd3 {[%emt 0:00:57]} b6 {[%emt 0:00:05]} 7. O-O {[%emt 0:00:09]} Bb7 {[%emt 0:00:03]} 8. c4 {[%emt 0:00:15]} Ne4 {[%emt 0:00:54]} 9. cxd5 {[%emt 0:02:16]} exd5 {[%emt 0:00:16]} 10. Nc3 {[%emt 0:00:46]} a6 {[%emt 0:04:37]} 11. Rc1 {[%emt 0:04:55]} Nd7 {[%emt 0:02:41]} 12. Qc2 {[%emt 0:02:09]} Re8 {[%emt 0:03:25]} 13. a3 {[%emt 0:00:25]} Qe7 {[%emt 0:01:18]} 14. Ne2 {[%emt 0:05:33]} Rec8 {[%emt 0:14:06]} 15. Ng3 {[%emt 0:02:52]} Nxg3 {[%emt 0:15:42]} 16. Bxh7+ {[%emt 0:00:44]} Kh8 {[%emt 0:00:54]} 17. fxg3 {[%emt 0:00:49]} g6 {[%emt 0:25:05]} 18. Bxg6 {[%emt 0:01:20]} fxg6 {[%emt 0:02:08]} 19. Ne5 {[%emt 0:00:02]} Bxe5 {[%emt 0:12:23]} 20. dxe5 {[%emt 0:00:21]} Qe6 {[%emt 0:11:12]} 21. Rf4 {[%emt 0:09:10]} c5 {[%emt 0:00:58]} 22. Rcf1 {[%emt 0:01:35]} Rf8 {[%emt 0:00:22]} *

[Event "IV Torneo de Semana Santa"]
[Site "Los Llanos de Aridane"]
[Date "2019.04.14"]
[Round "2.5"]
[White "Hernandez Leon, Alberto"]
[Black "Rodriguez Miranda, Sergio"]
[Result "1-0"]
[WhiteElo "2280"]
[BlackElo "1859"]
[Annotator "NA"]
[PlyCount "59"]
[EventDate "2019.04.13"]
[EventType "swiss"]
[EventCountry "ESP"]
[SourceTitle "playchess.com"]
[Source "ChessBase"]
[SourceQuality "1"]
[TimeControl "5400+30"]

1. d4 {[%emt 0:00:00]} Nf6 {[%emt 0:00:00]} 2. Nf3 {[%emt 0:00:20]} g6 {[%emt 0:00:30]} 3. c4 {[%emt 0:00:09]} Bg7 {[%emt 0:00:08]} 4. Nc3 {[%emt 0:00:07]} O-O {[%emt 0:00:58]} 5. e4 {[%emt 0:00:15]} d6 {[%emt 0:00:53]} 6. Be2 {[%emt 0:00:12]} e5 {[%emt 0:01:07]} 7. Be3 {[%emt 0:00:34]} Qe8 {[%emt 0:05:54]} 8. dxe5 {[%emt 0:07:54]} Ng4 {[%emt 0:02:06]} 9. Bc1 {[%emt 0:00:34]} Nxe5 {[%emt 0:00:39]} 10. Nd4 {[%emt 0:06:00]} Nec6 {[%emt 0:16:35]} 11. Ndb5 {[%emt 0:05:46]} Na6 {[%emt 0:06:23]} 12. O-O {[%emt 0:01:17]} Be6 {[%emt 0:14:14]} 13. Be3 {[%emt 0:04:38]} Qd7 {[%emt 0:04:21]} 14. Qd2 {[%emt 0:03:32]} Rfe8 {[%emt 0:03:07]} 15. Rfd1 {[%emt 0:10:35]} b6 {[%emt 0:12:04]} 16. Nd5 {[%emt 0:07:31]} Rac8 {[%emt 0:07:41]} 17. Bh6 {[%emt 0:26:37]} Bh8 $16 {[%emt 0:02:05]} 18. Nbc3 {[%emt 0:02:29]} Nd4 {[%emt 0:02:44]} 19. Bf1 {[%emt 0:06:47]} Bxd5 {[%emt 0:02:34]} 20. cxd5 {[%emt 0:02:16]} Nc5 {[%emt 0:00:10]} 21. f3 {[%emt 0:01:19]} a6 {[%emt 0:00:48]} 22. Be3 {[%emt 0:02:18]} Nb5 {[%emt 0:00:09]} 23. Nxb5 {[%emt 0:00:15]} axb5 {[%emt 0:00:04]} 24. Qb4 {[%emt 0:00:14]} Re5 {[%emt 0:01:23]} 25. Bxb5 {[%emt 0:00:35]} Qe7 {[%emt 0:00:09]} 26. Qd2 {[%emt 0:01:15]} Rh5 {[%emt 0:00:44]} 27. Rac1 {[%emt 0:01:25]} Qh4 {[%emt 0:01:27]} 28. g3 {[%emt 0:00:20]} Qh3 {[%emt 0:00:08]} 29. b4 {[%emt 0:01:21]} Nd7 {[%emt 0:00:13]} 30. Bf1 {[%emt 0:00:48]} 1-0

[Event "IV Torneo de Semana Santa"]
[Site "Los Llanos de Aridane"]
[Date "2019.04.14"]
[Round "2.6"]
[White "Santos Izquierdo, Carlos"]
[Black "Rodriguez Ferraz, Borja"]
[Result "0-1"]
[WhiteElo "1761"]
[BlackElo "2212"]
[Annotator "NA"]
[PlyCount "120"]
[EventDate "2019.04.13"]
[EventType "swiss"]
[EventCountry "ESP"]
[SourceTitle "playchess.com"]
[Source "ChessBase"]
[SourceQuality "1"]
[TimeControl "5400+30"]

1. c4 {[%emt 0:00:00]} Nf6 {[%emt 0:00:00]} 2. g3 {[%emt 0:00:00]} e6 {[%emt 0:00:00]} 3. Bg2 {[%emt 0:00:00]} Be7 {[%emt 0:00:08]} 4. d4 {[%emt 0:00:44]} d5 {[%emt 0:01:27]} 5. Nf3 {[%emt 0:00:24]} O-O {[%emt 0:00:24]} 6. O-O {[%emt 0:00:22]} c6 {[%emt 0:01:51]} 7. Qc2 {[%emt 0:01:01]} Nbd7 {[%emt 0:00:34]} 8. Nbd2 {[%emt 0:01:01]} b6 {[%emt 0:09:19]} 9. e4 {[%emt 0:02:44]} dxe4 {[%emt 0:01:16]} 10. Nxe4 {[%emt 0:00:10]} Bb7 {[%emt 0:00:27]} 11. h3 $146 {[%emt 0:13:56] E09: Closed Catalan: Main Line: 7 Qc2 c6 8 Nbd2} ({Predecessor:} 11. Rd1 Nxe4 12. Qxe4 Qc7 13. Bf4 Bd6 14. Bxd6 Qxd6 15. c5 Qe7 16. b4 a5 17. a3 Rfd8 18. Ne5 Nxe5 19. Qxe5 axb4 20. axb4 b5 21. h4 Qd7 22. Bf3 h6 {0-1 (63) Khairullin,I (2613)-Krapivin,A (2500) St Petersburg 2009}) 11... h6 {[%emt 0:00:40]} 12. Be3 {[%emt 0:02:42]} Qc8 {[%emt 0:05:59]} 13. Rac1 {[%emt 0:03:16]} c5 {[%emt 0:04:05]} 14. Ned2 {[%emt 0:03:25]} Rd8 {[%emt 0:04:00]} 15. Rfd1 {[%emt 0:00:28]} cxd4 {[%emt 0:04:25]} 16. Nxd4 {[%emt 0:01:47]} Bxg2 {[%emt 0:00:08]} 17. Kxg2 {[%emt 0:00:07]} Qb7+ {[%emt 0:00:05]} 18. Kh2 {[%emt 0:06:00]} Bc5 {[%emt 0:04:58]} 19. f4 {[%emt 0:21:27]} e5 {[%emt 0:11:13]} 20. Nf5 {[%emt 0:01:30]} Bxe3 {[%emt 0:00:15]} 21. Nxe3 {[%emt 0:00:10]} exf4 {[%emt 0:00:33]} 22. gxf4 {[%emt 0:00:24]} Nc5 {[%emt 0:00:11]} 23. Ndf1 {[%emt 0:03:26]} Qf3 {[%emt 0:00:36]} 24. Qg2 {[%emt 0:03:25]} Qxf4+ {[%emt 0:00:56]} 25. Qg3 {[%emt 0:00:32]} Nh5 {[%emt 0:05:15]} 26. Qxf4 {[%emt 0:02:14]} Nxf4 {[%emt 0:00:02]} 27. Ng3 {[%emt 0:01:22]} Ncd3 {[%emt 0:01:44]} 28. Rc2 {[%emt 0:00:21]} Nb4 {[%emt 0:03:37]} 29. Rcd2 {[%emt 0:03:01]} Rxd2+ {[%emt 0:01:33]} 30. Rxd2 {[%emt 0:00:07]} Nxa2 {[%emt 0:04:16]} 31. Rd7 {[%emt 0:00:34]} Nb4 {[%emt 0:01:08]} 32. Ngf5 {[%emt 0:01:13]} Nc6 {[%emt 0:01:39]} 33. Rc7 {[%emt 0:03:09]} Ne5 {[%emt 0:01:25]} 34. Ne7+ {[%emt 0:01:24]} Kh7 {[%emt 0:00:51]} 35. N7d5 {[%emt 0:02:08]} Ne6 {[%emt 0:03:09]} 36. Re7 {[%emt 0:00:58]} Kg6 {[%emt 0:01:09]} 37. Kg3 {[%emt 0:04:32]} Nc6 {[%emt 0:04:43]} 38. Rd7 {[%emt 0:01:20]} Rd8 {[%emt 0:01:10]} 39. Rb7 {[%emt 0:00:11]} f5 {[%emt 0:03:20]} 40. Kf2 {[%emt 0:01:49]} f4 {[%emt 0:01:54]} 41. Ng2 {[%emt 0:01:22]} Rf8 {[%emt 0:01:13]} 42. Nh4+ {[%emt 0:00:44]} Kh5 {[%emt 0:01:07]} 43. Nf3 {[%emt 0:00:09]} g5 {[%emt 0:00:32]} 44. b4 {[%emt 0:00:09]} Rf5 {[%emt 0:06:33]} 45. Nd2 {[%emt 0:08:08]} (45. Rd7 $17) 45... Ned4 $19 {[%emt 0:01:49]} 46. Ne4 {[%emt 0:01:03]} Ne5 {[%emt 0:00:59]} 47. Ndf6+ {[%emt 0:00:28]} Kg6 {[%emt 0:01:13]} 48. Nd5 {[%emt 0:00:39]} Nd3+ {[%emt 0:03:47]} 49. Kf1 {[%emt 0:00:36]} Rf7 {[%emt 0:01:04]} 50. Ne7+ {[%emt 0:00:14]} Kh5 {[%emt 0:01:19]} 51. Nd6 {[%emt 0:00:51]} Rf6 {[%emt 0:00:34]} 52. Ne8 {[%emt 0:00:12]} Rf7 {[%emt 0:00:58]} 53. Nd6 {[%emt 0:00:05]} Rf8 {[%emt 0:00:42]} 54. b5 {[%emt 0:00:52]} f3 {[%emt 0:01:31]} 55. Ne4 {[%emt 0:00:52]} Rf4 {[%emt 0:01:24]} 56. Ng3+ {[%emt 0:01:39]} Kh4 {[%emt 0:00:02]} 57. Ng6+ {[%emt 0:00:13]} Kxg3 {[%emt 0:00:05]} 58. Nxf4 {[%emt 0:00:10]} Nxf4 {[%emt 0:00:09]} 59. Rxa7 {[%emt 0:00:24]} Nc2 {[%emt 0:00:24]} 60. Re7 {[%emt 0:00:30]} Ng2 {[%emt 0:00:12]} 0-1

[Event "IV Torneo de Semana Santa"]
[Site "Los Llanos de Aridane"]
[Date "2019.04.14"]
[Round "2.7"]
[White "Rodriguez Centenera, Sara"]
[Black "Hernandez Leon, Sergio"]
[Result "0-1"]
[WhiteElo "1704"]
[BlackElo "2157"]
[Annotator "NA"]
[PlyCount "94"]
[EventDate "2019.04.13"]
[EventType "swiss"]
[EventCountry "ESP"]
[SourceTitle "playchess.com"]
[Source "ChessBase"]
[SourceQuality "1"]
[TimeControl "5400+30"]

1. d4 {[%emt 0:00:00]} Nf6 {[%emt 0:00:00]} 2. c3 {[%emt 0:00:02]} g6 {[%emt 0:00:11]} 3. Nd2 {[%emt 0:00:21]} Bg7 {[%emt 0:01:12]} 4. e3 {[%emt 0:01:09]} O-O {[%emt 0:00:59]} 5. Bd3 {[%emt 0:00:19]} (5. Be2 d6 6. e4 Nbd7 7. f4 e5 8. fxe5 dxe5 9. d5 c6 10. dxc6 bxc6 11. Ngf3 {0-1 (39) Lebel Arias,J (1724)-Tsiganova,M (2102) Batumi 2018}) 5... d6 {[%emt 0:00:18]} 6. Ne2 {[%emt 0:01:48] A45: Trompowsky Attack} c5 {[%emt 0:01:01]} 7. O-O {[%emt 0:00:47]} b6 $146 {[%emt 0:00:36]} ({Predecessor:} 7... Nc6 8. b3 a6 9. Bb2 e5 10. Rc1 Bd7 11. Ne4 {1-0 (33) Dettmann,H (1945)-Laske,M (1922) Mecklenburg VP 2009}) 8. e4 {[%emt 0:07:09]} Bb7 {[%emt 0:02:06]} 9. b3 {[%emt 0:02:34]} cxd4 {[%emt 0:04:44]} 10. cxd4 {[%emt 0:00:52]} Nc6 {[%emt 0:09:41]} 11. Bb2 {[%emt 0:05:08]} Nd7 {[%emt 0:10:29]} 12. Rc1 {[%emt 0:03:37]} Rc8 {[%emt 0:08:40]} 13. Nc4 {[%emt 0:06:40]} b5 {[%emt 0:09:12]} 14. Ne3 {[%emt 0:00:51]} a6 {[%emt 0:01:40]} 15. a3 {[%emt 0:10:42]} e5 {[%emt 0:02:46]} 16. d5 {[%emt 0:02:29]} Ne7 {[%emt 0:03:14]} 17. Rxc8 {[%emt 0:01:48]} Qxc8 {[%emt 0:01:27]} 18. Qc2 {[%emt 0:02:23]} Qxc2 {[%emt 0:05:28]} 19. Bxc2 {[%emt 0:01:36]} f5 {[%emt 0:00:39]} 20. f3 {[%emt 0:00:54]} Bh6 {[%emt 0:01:44]} 21. Nd1 {[%emt 0:04:39]} Rc8 {[%emt 0:02:30]} 22. Bb1 {[%emt 0:05:06]} Nc5 {[%emt 0:01:49]} 23. Bc1 {[%emt 0:04:18]} Bxc1 {[%emt 0:01:22]} 24. Nxc1 {[%emt 0:00:10]} Nxe4 {[%emt 0:00:17]} 25. fxe4 {[%emt 0:02:44]} Rxc1 {[%emt 0:00:20]} 26. Nf2 {[%emt 0:05:59]} Rxf1+ {[%emt 0:01:28]} 27. Kxf1 {[%emt 0:00:08]} Kf8 {[%emt 0:00:44]} 28. g4 {[%emt 0:06:33]} (28. b4 $17) 28... fxe4 {[%emt 0:03:59]} 29. Nxe4 {[%emt 0:00:36]} Bxd5 {[%emt 0:00:44]} 30. Nxd6 {[%emt 0:00:46]} Bxb3 {[%emt 0:00:17]} 31. Be4 {[%emt 0:04:12]} Bd5 {[%emt 0:02:58]} 32. Bd3 {[%emt 0:01:03]} Nc6 {[%emt 0:01:36]} 33. Ne4 {[%emt 0:01:50]} Bxe4 {[%emt 0:02:49]} 34. Bxe4 {[%emt 0:00:05]} Na5 {[%emt 0:00:06]} 35. Ke2 {[%emt 0:01:09]} Nc4 {[%emt 0:00:14]} 36. a4 {[%emt 0:00:27]} bxa4 {[%emt 0:00:35]} 37. Bd5 {[%emt 0:01:08]} Nd6 {[%emt 0:01:58]} 38. Ke3 {[%emt 0:00:38]} h6 {[%emt 0:00:16]} 39. h4 {[%emt 0:02:05]} Ke7 {[%emt 0:00:29]} 40. g5 {[%emt 0:02:49]} hxg5 {[%emt 0:01:08]} 41. hxg5 {[%emt 0:00:01]} Kd7 {[%emt 0:01:28]} 42. Kd3 {[%emt 0:02:35]} Kc7 {[%emt 0:01:04]} 43. Kc3 {[%emt 0:00:51]} a5 {[%emt 0:00:57]} 44. Kb2 {[%emt 0:00:40]} e4 {[%emt 0:00:22]} 45. Kc3 {[%emt 0:02:09]} a3 $19 {[%emt 0:03:51]} 46. Kd4 {[%emt 0:02:37]} Nb5+ {[%emt 0:01:06]} 47. Kc4 {[%emt 0:03:58]} a2 {[%emt 0:00:07] Kd4 [%emt 00:00:09] Kd6+ [%emt 00:00:21]} 0-1

[Event "IV Torneo de Semana Santa"]
[Site "Los Llanos de Aridane"]
[Date "2019.04.14"]
[Round "2.8"]
[White "Leon Varela, Luis"]
[Black "Alonso Perez, Alfredo"]
[Result "1/2-1/2"]
[WhiteElo "2154"]
[BlackElo "1735"]
[Annotator "NA"]
[PlyCount "102"]
[EventDate "2019.04.13"]
[EventType "swiss"]
[EventCountry "ESP"]
[SourceTitle "playchess.com"]
[Source "ChessBase"]
[SourceQuality "1"]
[TimeControl "5400+30"]

1. d4 {[%emt 0:00:00]} d5 {[%emt 0:00:00]} 2. c4 {[%emt 0:00:00]} c6 {[%emt 0:00:00]} 3. Nf3 {[%emt 0:00:03]} Nf6 {[%emt 0:00:00]} 4. e3 {[%emt 0:00:12]} e6 {[%emt 0:00:26]} 5. Nc3 {[%emt 0:00:05]} Nbd7 {[%emt 0:00:07]} 6. Bd3 {[%emt 0:00:15]} dxc4 {[%emt 0:00:09]} 7. Bxc4 {[%emt 0:00:02]} b5 {[%emt 0:00:15]} 8. Bd3 {[%emt 0:00:05]} a6 {[%emt 0:00:10]} 9. a4 {[%emt 0:08:56]} b4 {[%emt 0:05:28]} 10. Ne4 {[%emt 0:01:46]} c5 {[%emt 0:03:54]} 11. Nxf6+ {[%emt 0:15:52]} Nxf6 {[%emt 0:05:30]} 12. Ne5 {[%emt 0:18:07]} Bb7 {[%emt 0:02:33]} 13. a5 {[%emt 0:06:56]} Nd7 {[%emt 0:21:43]} 14. Qa4 {[%emt 0:00:00]} f6 {[%emt 0:00:11]} 15. Nc4 {[%emt 0:03:31]} Qc7 {[%emt 0:00:40]} 16. Nb6 {[%emt 0:38:17]} Rd8 {[%emt 0:12:20]} 17. Bc4 $17 {[%emt 0:00:02]} (17. O-O $11) 17... Bxg2 {[%emt 0:29:19]} 18. Rg1 {[%emt 0:01:21]} Qxh2 {[%emt 0:06:47]} 19. Rxg2 {[%emt 0:00:17]} Qxg2 {[%emt 0:00:37]} 20. Bxe6 {[%emt 0:00:03]} Qb7 {[%emt 0:01:46]} 21. Bd5 {[%emt 0:02:40]} Qc7 {[%emt 0:03:19]} 22. Bd2 {[%emt 0:00:05]} Ke7 {[%emt 0:01:52]} 23. Rc1 {[%emt 0:01:44]} Nxb6 {[%emt 0:01:52]} 24. axb6 {[%emt 0:00:01]} Qxb6 {[%emt 0:00:17]} 25. Rxc5 {[%emt 0:00:02]} Rxd5 {[%emt 0:01:23]} 26. Rxd5 {[%emt 0:00:27]} Kf7 {[%emt 0:01:03]} 27. Ra5 {[%emt 0:01:45]} Be7 {[%emt 0:01:04]} 28. Rxa6 {[%emt 0:00:01]} Qb7 {[%emt 0:00:05]} 29. Ra7 {[%emt 0:00:12]} Qh1+ {[%emt 0:00:40]} 30. Ke2 {[%emt 0:00:04]} Qh5+ {[%emt 0:00:11]} 31. f3 {[%emt 0:00:16]} Qh2+ {[%emt 0:00:16]} 32. Kd3 {[%emt 0:00:02]} Re8 {[%emt 0:01:06]} 33. Bxb4 {[%emt 0:00:04]} Qxb2 {[%emt 0:00:29]} 34. Bc5 {[%emt 0:02:23]} Qb1+ {[%emt 0:00:24]} 35. Ke2 {[%emt 0:00:02]} Qb2+ {[%emt 0:00:26]} 36. Kd3 {[%emt 0:01:04]} Qb1+ {[%emt 0:00:10]} 37. Qc2 {[%emt 0:01:16]} Qxc2+ {[%emt 0:00:09]} 38. Kxc2 {[%emt 0:00:00]} Kf8 {[%emt 0:00:14]} 39. Kd3 {[%emt 0:00:23]} h5 {[%emt 0:00:32]} 40. Rxe7 {[%emt 0:01:02]} Rxe7 {[%emt 0:00:13]} 41. e4 {[%emt 0:00:01]} Ke8 {[%emt 0:00:19]} 42. Bxe7 {[%emt 0:00:07]} Kxe7 {[%emt 0:00:07]} 43. Ke3 {[%emt 0:00:12]} g5 {[%emt 0:02:49]} 44. Kf2 {[%emt 0:00:02]} Ke6 {[%emt 0:00:20]} 45. Kg2 {[%emt 0:00:03]} f5 {[%emt 0:00:20]} 46. Kh2 {[%emt 0:00:42]} fxe4 {[%emt 0:00:24]} 47. fxe4 {[%emt 0:00:02]} Kf6 {[%emt 0:00:27]} 48. Kg3 {[%emt 0:00:04]} Ke6 {[%emt 0:00:27]} 49. Kf3 {[%emt 0:00:02]} Kf6 {[%emt 0:00:40]} 50. Kg3 {[%emt 0:00:01]} Ke6 {[%emt 0:00:10]} 51. Kf3 {[%emt 0:00:02]} Kf6 {[%emt 0:00:08]} 1/2-1/2

[Event "IV Torneo de Semana Santa"]
[Site "Los Llanos de Aridane"]
[Date "2019.04.14"]
[Round "2.9"]
[White "Ramos Perez, Felipe"]
[Black "Hidalgo Santana, Fernando"]
[Result "0-1"]
[WhiteElo "1667"]
[BlackElo "2116"]
[Annotator "NA"]
[PlyCount "74"]
[EventDate "2019.04.13"]
[EventType "swiss"]
[EventCountry "ESP"]
[SourceTitle "playchess.com"]
[Source "ChessBase"]
[SourceQuality "1"]
[TimeControl "5400+30"]

1. e4 {[%emt 0:00:00]} d6 {[%emt 0:06:05]} 2. d4 {[%emt 0:00:00]} Nf6 {[%emt 0:00:07]} 3. Nc3 {[%emt 0:00:00]} g6 {[%emt 0:00:13]} 4. Nf3 {[%emt 0:00:06]} Bg7 {[%emt 0:00:07]} 5. Be2 {[%emt 0:00:22]} O-O {[%emt 0:00:10]} 6. O-O {[%emt 0:00:11]} c6 {[%emt 0:00:14]} 7. a4 {[%emt 0:03:05]} Qc7 {[%emt 0:00:29]} 8. h3 {[%emt 0:02:29]} e5 {[%emt 0:00:22]} 9. dxe5 {[%emt 0:02:47]} dxe5 {[%emt 0:00:07]} 10. Be3 {[%emt 0:00:44]} Nbd7 {[%emt 0:00:09]} 11. Qd2 {[%emt 0:02:32]} b6 {[%emt 0:00:14] B08: Pirc Defence: Classical System} (11... Re8 12. Rfd1 Bf8 13. Bc4 Nc5 14. Ng5 Be6 15. Qe2 a5 16. Bxc5 Bxc5 17. Bxe6 fxe6 18. Qc4 Qe7 19. Nf3 Bd6 20. Ne2 Rad8 {1-0 (47) Efimenko,Z (2654)-Mamedov,R (2626) Ohrid 2009}) 12. Rad1 {[%emt 0:01:39]} Bb7 {[%emt 0:00:48]} 13. Qd6 {[%emt 0:03:33]} Rfc8 {[%emt 0:00:11]} 14. Bc4 {[%emt 0:05:37]} h6 $146 {[%emt 0:02:05]} ({Predecessor:} 14... Qxd6 15. Rxd6 Bf8 {1-0 (41) Malisauskas,V (2505)-Urban,K (2395) Warsaw 1991}) 15. Qxc7 {[%emt 0:10:07]} Rxc7 {[%emt 0:00:10]} 16. Bb3 {[%emt 0:00:15]} a6 {[%emt 0:00:16]} 17. Nd2 {[%emt 0:00:59]} b5 {[%emt 0:01:20]} 18. f4 {[%emt 0:03:15]} Nh5 {[%emt 0:03:54]} 19. fxe5 {[%emt 0:02:35]} Nxe5 {[%emt 0:00:08]} 20. Nf3 {[%emt 0:01:54]} Ng3 {[%emt 0:07:07]} 21. Rf2 {[%emt 0:10:27]} b4 {[%emt 0:11:45]} 22. Nxe5 {[%emt 0:02:55]} bxc3 {[%emt 0:01:00]} 23. Nxf7 {[%emt 0:01:48]} Kh7 {[%emt 0:02:36]} 24. Bf4 {[%emt 0:02:28]} Rxf7 {[%emt 0:02:55]} 25. Bxf7 {[%emt 0:02:44]} Nxe4 {[%emt 0:01:00]} 26. Re2 {[%emt 0:10:14]} c5 {[%emt 0:00:16]} 27. Rd7 {[%emt 0:05:01]} Bc6 {[%emt 0:02:03]} 28. Rc7 {[%emt 0:01:21]} cxb2 {[%emt 0:01:37]} 29. Bxg6+ {[%emt 0:02:17]} Kxg6 {[%emt 0:00:33]} 30. Rxc6+ {[%emt 0:00:16]} Kf5 {[%emt 0:00:07]} 31. Rb6 {[%emt 0:05:51]} Kxf4 {[%emt 0:00:10]} 32. g3+ {[%emt 0:03:02]} Kf3 {[%emt 0:02:17]} 33. Rg2 {[%emt 0:01:45]} Rd8 {[%emt 0:01:13]} 34. Rb3+ {[%emt 0:01:00]} Bc3 {[%emt 0:00:07]} 35. Kh2 {[%emt 0:01:38]} Rd1 {[%emt 0:00:42]} 36. Rb7 {[%emt 0:00:54]} Bb4 {[%emt 0:02:05]} 37. Rf7+ {[%emt 0:00:00]} Ke3 {[%emt 0:00:12]} 0-1

[Event "IV Torneo de Semana Santa"]
[Site "Los Llanos de Aridane"]
[Date "2019.04.14"]
[Round "3.1"]
[White "Rodriguez Ferraz, Borja"]
[Black "Andres Gonzalez, Ivan"]
[Result "1-0"]
[WhiteElo "2212"]
[BlackElo "2323"]
[Annotator "TA"]
[PlyCount "53"]
[EventDate "2019.04.13"]
[EventType "swiss"]
[EventCountry "ESP"]
[SourceTitle "playchess.com"]
[Source "ChessBase"]
[SourceQuality "1"]

{[%evp 9,53,-14,-24,-26,-27,-71,-76,-81,-95,-85,-73,-88,-79,-91,-82,-115,-132,-194,-195,-218,-191,-244,-171,-316,-303,-280,-257,-336,-325,-404,-404,-454,-454,-823,-851,-795,-653,-670,-666,-631,914,912,1434,1429,1808,1689]} 1. d4 Nf6 2. c4 c5 3. e3 g6 4. Nc3 Bg7 5. h4 (5. d5 O-O 6. Nf3 d6 7. Be2 e6 8. e4 Na6 9. O-O Nc7 10. Re1 Re8 11. e5 dxe5 12. d6 Na6 13. Nxe5 Nd7 14. Nxd7 Bxd7 15. Bf3 Qb6 {0-1 (51) Mamedyarov,S (2809)-Dubov,D (2701) Moscow 2018}) 5... cxd4 6. exd4 {A56: Czech Benoni} d5 $146 ({Predecessor:} 6... h6 7. Bd3 d5 8. cxd5 Nxd5 9. h5 g5 10. Nf3 Nc6 11. Qb3 Nb6 {0-1 (73) Cofman,V (2102)-Aeschbach,W (2074) Germany 2013}) 7. Bg5 Nc6 8. Be2 {Black is better.} dxc4 9. Nf3 h6 10. Be3 Be6 11. Rc1 a6 12. a4 Rc8 13. Kf1 (13. O-O $17 {was called for.}) 13... Na5 $19 {[%cal Bc6a5,Ba5b3,Bb3d4,Bd4c2][%mdl 32]} 14. h5 {intending hxg6.} g5 $1 ({Don't do} 14... gxh5 15. Ne5 $17) ({Resist} 14... Nxh5 15. d5) 15. Qe1 (15. Qc2 $142) 15... Nd5 16. Ne4 (16. Nxd5 {might work better.} Bxd5 17. Ne5) 16... Nb3 17. Rd1 Qd7 18. a5 Qb5 19. Bd2 g4 20. Ne5 Nxd4 21. Nxg4 (21. Nc3 $142 Nxc3 22. Bxc3) 21... Nc2 22. Bxh6 Bxh6 23. Rxd5 Qxd5 24. Qc3 {[#]} Qxa5 $4 {[%mdl 8192]} ({Not} 24... Nd4 $2 {[#]} 25. Ngf6+ $1 {[%mdl 512]} exf6 26. Nxf6+ Ke7 27. Nxd5+ Bxd5 28. Qxd4 $18) (24... Bxg4 $1 $19 {[%mdl 512]} 25. Qxh8+ (25. Bxg4 Rg8) 25... Bf8 26. Bxg4 Qxe4) 25. Qxa5 $18 {White is clearly winning.} Nd4 26. Qe5 {[%mdl 64] Double Attack} Nxe2 27. Qxh8+ {[%mdl 64] Double Attack. Accuracy: White = 15%, Black = 69%.} 1-0

[Event "IV Torneo de Semana Santa"]
[Site "Los Llanos de Aridane"]
[Date "2019.04.14"]
[Round "3.2"]
[White "Brito Garcia, Alfredo"]
[Black "Hernandez Leon, Sergio"]
[Result "1/2-1/2"]
[WhiteElo "2311"]
[BlackElo "2157"]
[Annotator "TA"]
[PlyCount "40"]
[EventDate "2019.04.13"]
[EventType "swiss"]
[EventCountry "ESP"]
[SourceTitle "playchess.com"]
[Source "ChessBase"]
[SourceQuality "1"]

{[%evp 19,40,15,8,12,15,17,28,0,27,15,6,7,27,14,23,20,20,0,0,0,0,0,0]} 1. d4 f5 2. c4 Nf6 3. Nc3 e6 4. Nf3 Bb4 5. Qb3 Bxc3+ 6. Qxc3 O-O 7. g3 b6 8. Bg2 Bb7 9. O-O Qe7 {A84: Dutch Defence: 2 c4 Miscellaneous} 10. b3 d6 {LiveBook: 3 Games} 11. Bb2 c5 $146 ({Predecessor:} 11... Nbd7 12. Rad1 Rae8 13. d5 e5 14. Nh4 {0-1 (51) David,A (2604)-Nakamura,H (2771) Arvier 2012}) 12. Rad1 Nc6 13. a3 Rae8 14. d5 exd5 15. cxd5 Nd8 16. Nh4 Ne4 17. Qd3 Bc8 {The position is equal.} 18. Rde1 f4 19. e3 fxg3 20. hxg3 Nb7 1/2-1/2

[Event "IV Torneo de Semana Santa"]
[Site "Los Llanos de Aridane"]
[Date "2019.04.14"]
[Round "3.3"]
[White "Hidalgo Santana, Fernando"]
[Black "Acosta Sosa, Juan Manuel"]
[Result "1/2-1/2"]
[WhiteElo "2116"]
[BlackElo "2287"]
[Annotator "TA"]
[PlyCount "60"]
[EventDate "2019.04.13"]
[EventType "swiss"]
[EventCountry "ESP"]
[SourceTitle "playchess.com"]
[Source "ChessBase"]
[SourceQuality "1"]

{[%evp 9,60,7,49,44,54,45,49,46,54,43,48,38,54,30,25,-32,-23,-29,-37,-52,-42,-60,-37,-37,-34,-37,-34,-50,-23,-25,0,0,0,-61,0,0,0,0,0,0,0,0,0,-35,0,0,104,106,139,126,150,139,139]} 1. e4 c5 2. Nf3 Nc6 3. Bb5 e6 4. O-O Nge7 5. c4 d6 (5... e5 6. Nc3 Ng6 7. d3 Be7 8. a3 O-O 9. Rb1 Nd4 10. Nxd4 cxd4 11. Nd5 d6 12. Bd2 f5 13. f3 {0-1 (46) Faibisovich,V (2320)-Sveshnikov,E (2463) Sochi 2018}) 6. d4 {[#] aiming for d5. B30: Sicilian: 2...Nc6 3 Bb5, lines without ...g6} cxd4 7. Nxd4 $146 ({Predecessor:} 7. Qxd4 a6 8. Bxc6+ Nxc6 9. Qd3 Be7 10. Nc3 O-O 11. Bf4 e5 12. Bd2 Nb4 13. Qe2 Be6 14. a3 Nc6 15. h3 {1-0 (44) Scholvin,E-Geisler,R Werther 1997}) 7... Bd7 8. Nc3 {White is slightly better.} Ng6 9. Be3 Be7 10. f4 O-O 11. Qd2 Nxd4 12. Bxd4 (12. Bxd7 $11 Qxd7 13. Bxd4) 12... Bxb5 13. cxb5 e5 14. fxe5 dxe5 15. Be3 Qxd2 16. Bxd2 Bc5+ 17. Kh1 Bd4 18. g3 Rac8 19. Rac1 Rc5 20. Nd5 Rfc8 21. Nc3 ({White should try} 21. Rxc5 $11 Rxc5 22. Rc1) 21... Rf8 (21... f6 $15) 22. Nd5 $11 Rfc8 23. Rxc5 Rxc5 24. Rc1 Rxc1+ 25. Bxc1 {[%mdl 4096] Endgame KBN-KBN} Kf8 26. Be3 Bxe3 27. Nxe3 Ke7 {[#]} (27... Ne7 $11 {keeps the balance.}) 28. Nf5+ $1 $16 Kd7 29. Nxg7 Kd6 30. b4 Ke7 {Accuracy: White = 60%, Black = 57%.} 1/2-1/2